00704nam a2200193 i 450000100060000000300090000600500170001500700030003200800410003510000300007624501140010626000380022030000200025865000450027870000260032385200220034999900170037195201220038879210ES-MaACL20230906173928.0t|041020s1966 sp r |||| | spa d1 aHeredia, Salvador.96269410aGuía taurina b: directorio profesional del mundo de los toros /cautores, Salvador Heredia y Pedro Fraile. a[Madrid : bPentágono], c1966. a1 v. ; c21 cm. 4aCorridas de toros-vDirectorios.91632561 aFraile, Pedro.952104 aES-MaACLjC-30502 c79210d79210 00104070aATENEOMbATENEOMcDEPO2d2008-01-17eSCl0oC-30502p1082837r2023-02-23 00:00:00w2023-02-23yMONOGRAFIA